| 000 | 01508 a2200349 4500 | ||
|---|---|---|---|
| 999 |
_c200421227 _d38419 |
||
| 001 | 200421227 | ||
| 003 | TR-AnTOB | ||
| 005 | 20240923134245.0 | ||
| 008 | 150203s tu 000 0 | ||
| 020 | _a9786051496856 | ||
| 040 |
_aTR-AnTOB _btur _erda _cTR-AnTOB |
||
| 041 | 0 | _atur | |
| 050 | 0 | 0 |
_aHV5840.T9 _bT87 2014 |
| 090 | _aHV5840 .T9 T87 2014 | ||
| 245 | 1 | 0 |
_aTürkiye uyuşturucu raporu 2014 : _bEMCDDA 2014 Ulusal raporu (2013 verileri), Reitox ulusal temas noktası : _bTürkiye; yeni gelişmeler, trendler, seçilmiş konular / _chaz. T.C. İçişler Bakanlığı Emniyet Genel Müdürlüğü Kaçakçılık ve Organize Suçlarla Mücadele Daire Başkanlığı Türkiye Uyuşturucu ve Uyuşturucu Bağımlılığı İzleme Merkezi (TUBİM). |
| 264 |
_aAnkara: _b(TUBİM), _c2014 |
||
| 300 |
_a118 page: _btab. ; _c24 cm. |
||
| 336 |
_atext _2rdacontent _btxt |
||
| 337 |
_aunmediated _2rdamedia _bn |
||
| 338 |
_avolume _2rdacarrier _bnc |
||
| 490 | 0 |
_aBakanlık Genel Yayın No. _a762. _aEGM Yay. _aKatalog No. _a639. |
|
| 650 | 0 | 7 |
_aİlaç bağımlılığı _zTürkiye _2etuturkob _9103925 |
| 650 | 0 | 0 |
_aNarcotics _xPsychological aspects _983321 |
| 650 | 0 | 0 |
_aDrug control _zTurkey _983323 |
| 650 | 0 | 0 |
_aDrug addiction _zTurkey _983325 |
| 650 | 0 | 0 |
_aOpium abuse _zTurkey _998938 |
| 650 | 7 |
_aİlaç bağımlılığı _zTürkiye _2etuturkob _9103925 |
|
| 650 | 0 | 7 |
_aUyuşturucular _xPsikolojik yönleri _2etuturkob _983320 |
| 650 | 0 | 7 |
_aİlaç kontrolü _2etuturkob _983353 |
| 942 |
_cBK _2lcc |
||